Mario Tennis Fever - Personnages [avec image] - Statistiques

Statistiques générales
  • Ce quiz a été pris 30 fois
  • Le résultat moyen est 29 sur 38
Statistiques - réponses
Par images Réponse % Correct
Mario
100%
Yoshi
100%
Bowser
96%
Donkey Kong
96%
Luigi
96%
Princesse Peach
96%
Toad
96%
Waluigi
96%
Wario
96%
Boo
92%
Bowser Jr.
92%
Princesse Daisy
92%
Toadette
92%
Bébé Luigi
88%
Bébé Mario
88%
Bébé Peach
88%
Bébé Waluigi
88%
Bébé Wario
88%
Harmonie
88%
Koopa Troopa
88%
Diddy Kong
80%
Goomba
80%
Maskass
80%
Birdo
76%
Bowser Skelet
72%
Chain Chomp
72%
Kamek
72%
Pauline
72%
Skelerex
68%
Luma
60%
Wiggler
60%
Spike
56%
Plante Piranha
52%
Carottin
48%
Paratroopa
48%
Flora Piranha
36%
Boum Boum
32%
Bloups
28%
Aucun quiz correspondant
Distribution des résultats
% des personnes avec chaque résultat
Percentile par nombre de réponses
Votre historique - résultats
Vous n’avez pas pris ce quiz